000 00602nam a2200229Ia 4500
003 OSt
005 20220918202517.0
006 a|||||r|||| 00| 0
007 ta
008 220917b |||||||| |||| 00| 0 eng d
024 _a101,800
037 _cTextual
040 _aARTS
_cARTS
_beng
041 _2eng
_aeng
082 _aV216.N5, L3
100 _aNarayana Rao K V
_9104110
245 0 _aEmergence of Andhra Pradesh
260 _aBombay
_bPopular Prakashan
_c1973
650 _aHISTORY
942 _hV216.N5, L3
_cTEXL
_2CC
999 _c225260
_d225260